The lover, Tea party, The Basement
Guardat en:
| Autor principal: | |
|---|---|
| Format: | Llibre |
| Idioma: | Undetermined |
| Publicat: |
New York, Estados Unidos
Grove Press
1967
|
| Matèries: | |
| Etiquetes: |
Afegir etiqueta
Sense etiquetes, Sigues el primer a etiquetar aquest registre!
|
MARC
| LEADER | 00000nam a2200000Ia 4500 | ||
|---|---|---|---|
| 008 | 170316s9999 xx 000 0 und d | ||
| 040 | |a cru BVZT | ||
| 090 | |a 820 P-4L | ||
| 100 | |a Pinter, Harold | ||
| 245 | 4 | |a The lover, Tea party, The Basement | |
| 260 | |a New York, Estados Unidos | ||
| 260 | |b Grove Press | ||
| 260 | |c 1967 | ||
| 300 | |a 112 páginas | ||
| 650 | |a LITERATURA INGLESA |9 12 | ||
| 999 | |c 7053 |d 7053 | ||
| 942 | |c LIB |h 820 P-4L |2 z | ||
